000 00601nam a22002057a 4500
003 MPLRDC
005 20220104195912.0
008 210129b ||||| |||| 00| 0 eng d
020 _a978-957-32-6678-5
082 _a857.62 CHR-11 v.9
100 _a阿嘉莎·克莉丝蒂 AGATHA CHRISTIE
245 _a藏书室的陌生人
_c任林静 译
250 _a二版二刷
260 _a台湾
_b远流出版事业股份有限公司
_c2015
300 _b
490 _a克莉丝蒂120 诞辰纪念版: 9
520 _a上架 2017-02-16
650 _a推理小说
942 _cBK
_o857.62 CHR-11 v.9
999 _c66408
_d66398